| 000 | 01023nam a22003257a 4500 | ||
|---|---|---|---|
| 001 | 000035009 | ||
| 003 | CHAP | ||
| 005 | 20220329135308.0 | ||
| 008 | 971013s1980 r 00010 d | ||
| 010 | _a33955 | ||
| 011 | _a34927 | ||
| 035 | _a39043 | ||
| 040 | _cCHAP | ||
| 082 |
_a658.3112 _bM4 |
||
| 100 | 0 | 0 |
_aMéndez de Montiel, Carmen. _976491 |
| 245 | 0 | _aProposición de criterios y metodología para la selección de personal académico en la UACH. | |
| 260 |
_aChapingo, Méx. : _bEl autor, _c1980. |
||
| 300 | _apág. var. | ||
| 590 |
_aBATCH-UPD _b10 _c20130110 _lUCH01 _h2222 |
||
| 590 |
_aBATCH-UPD _b10 _c20130410 _lUCH01 _h1520 |
||
| 590 |
_aBATCH-UPD _b10 _c20130914 _lUCH01 _h2019 |
||
| 590 |
_aCONVERSION _b10 _c20130109 _lUCH01 _h1319 |
||
| 590 |
_aE5765TAJ _b05 _c20150326 _lUCH01 _h1156 |
||
| 650 | 1 | 4 |
_aPersonal _xSelección de. _987326 |
| 700 | 0 |
_aVelázquez P., Luciano. _9118595 |
|
| 901 | _aBK | ||
| 942 | _cLIBRO | ||
| 942 | _n0 | ||
| 949 |
_a658.3112 M4 _bBC _cESP _d-89223 _eESP _h61929 _i39043 _mD _si |
||
| 999 |
_c33955 _d33955 |
||